[Event "Winnipeg TNT 2023.09"]
[Site "Winnipeg CAN"]
[Date "2023.09.19"]
[Round "3.10"]
[White "March, John"]
[Black "Ling, Aiden"]
[Result "0-1"]
[WhiteElo "1333"]
[BlackElo "1461"]
[PlyCount "54"]
[EventDate "2023.09.05"]
[EventType "swiss"]
[EventRounds "4"]
[EventCountry "CAN"]

1. c4 c5 2. g3 Nc6 3. Bg2 e6 4. Nc3 Nf6 5. e3 d5 6. cxd5 exd5 7. d4 cxd4 8.
exd4 Be6 9. Nge2 Be7 10. O-O O-O 11. Re1 Rc8 12. Nf4 Bg4 13. Qd2 Bb4 14. Nfxd5
Nxd5 15. Bxd5 Bxc3 16. bxc3 Qxd5 17. f4 Rfe8 18. Ba3 Na5 19. Bb4 Nc4 20. Qg2
Qxg2+ 21. Kxg2 Ne3+ 22. Kf2 Nc2 23. Rxe8+ Rxe8 24. Rc1 Nxb4 25. cxb4 Re2+ 26.
Kg1 Rxa2 27. Rc8+ Bxc8 0-1

[Event "Winnipeg TNT 2023.09"]
[Site "Winnipeg CAN"]
[Date "2023.09.19"]
[Round "3.11"]
[White "Repaka, Prabhav"]
[Black "Liu, Shawn"]
[Result "1-0"]
[WhiteElo "1599"]
[BlackElo "1426"]
[PlyCount "81"]
[EventDate "2023.09.05"]
[EventType "swiss"]
[EventRounds "4"]
[EventCountry "CAN"]

1. e4 e5 2. Bc4 Nf6 3. Nc3 Nc6 4. Nf3 Bc5 5. d3 h6 6. O-O O-O 7. a3 d6 8. h3
Re8 9. Na4 Bb6 10. Nxb6 axb6 11. c3 Qe7 12. Nh4 Be6 13. Bxe6 Qxe6 14. Nf5 Ne7
15. g4 Nxf5 16. gxf5 Qd7 17. Kh2 Kh7 18. Rg1 g6 19. Qd2 g5 20. h4 Rg8 21. hxg5
hxg5 22. Rxg5 Rxg5 23. Qxg5 Ng8 24. f6 Nxf6 25. Qh6+ Kg8 26. Qxf6 Kh7 27. Qh6+
Kg8 28. Be3 Qg4 29. Rg1 Qxg1+ 30. Kxg1 Rf8 31. Bg5 f6 32. Bxf6 Rxf6 33. Qxf6 c5
34. Qe7 Kh8 35. Kg2 Kg8 36. Kg3 d5 37. Kg4 dxe4 38. dxe4 c4 39. Kg5 Kh8 40. Kg6
Kg8 41. Qe8# 1-0

[Event "Winnipeg TNT 2023.09"]
[Site "Winnipeg CAN"]
[Date "2023.09.19"]
[Round "3.12"]
[White "Trueman, Francis"]
[Black "Melnyk, James"]
[Result "0-1"]
[WhiteElo "1422"]
[BlackElo "1530"]
[Annotator "aboro"]
[PlyCount "54"]
[EventDate "2023.09.05"]
[EventType "swiss"]
[EventRounds "4"]
[EventCountry "CAN"]

1. d3 d5 2. Nd2 e5 3. e4 c6 4. Ngf3 Bd6 5. g3 Nf6 6. Bg2 Nbd7 7. O-O Nf8 8. Re1
Ng6 9. Qe2 Bg4 10. Nf1 O-O 11. h4 d4 12. c3 c5 13. Qc2 Rc8 14. N3h2 Be6 15. Nf3
Qd7 16. Ng5 Rc7 17. Nxe6 Qxe6 18. Qe2 Re8 19. Nh2 b6 20. h5 Nf8 21. Bf3 h6 22.
Kh1 N8h7 23. Rg1 Be7 24. Bg2 Ng5 25. f4 exf4 26. Bxf4 Rd7 27. c4 Bd6 {
Black won in 40 moves} 0-1

[Event "Winnipeg TNT 2023.09"]
[Site "Winnipeg CAN"]
[Date "2023.09.19"]
[Round "3.13"]
[White "Gannon, Keith"]
[Black "Schmidt, Lukas"]
[Result "1-0"]
[WhiteElo "1469"]
[BlackElo "1269"]
[PlyCount "95"]
[EventDate "2023.09.05"]
[EventType "swiss"]
[EventRounds "4"]
[EventCountry "CAN"]

1. e4 e6 2. Nf3 c6 3. d4 a6 4. Be2 d5 5. e5 h6 6. O-O c5 7. c3 Nc6 8. Re1 b6 9.
Bd2 b5 10. a4 Rb8 11. axb5 axb5 12. Na3 Ba6 13. Nc2 Rb6 14. Be3 c4 15. Qd2 Nge7
16. Reb1 Nf5 17. b3 Be7 18. bxc4 bxc4 19. Rxb6 Qxb6 20. g4 Nxe3 21. Nxe3 O-O
22. Qa2 Ra8 23. Rb1 Qa5 24. Qxa5 Nxa5 25. h4 Nb3 26. Bd1 Rb8 27. g5 Rb7 28. Kg2
hxg5 29. hxg5 f6 30. gxf6 gxf6 31. exf6 Bxf6 32. Ng4 Bg7 33. Bc2 Rb6 34. Rh1
Bb5 35. Nh6+ Kf8 36. Ng4 Be8 37. Re1 Ra6 38. Ng5 Ke7 39. Bf5 Bd7 40. Kg3 Nd2
41. Bg6 Bf6 42. Nf3 Nxf3 43. Kxf3 Bg7 44. Ne3 Bc6 45. Nf5+ Kf6 46. Nxg7 Kxg7
47. Rxe6 Ba8 48. Rxa6 1-0

[Event "Winnipeg TNT 2023.09"]
[Site "Winnipeg CAN"]
[Date "2023.09.26"]
[Round "4.1"]
[White "Stordeur, Jackson"]
[Black "Klusa, Mark"]
[Result "0-1"]
[WhiteElo "1716"]
[BlackElo "1642"]
[PlyCount "79"]
[EventDate "2023.09.05"]
[EventType "swiss"]
[EventRounds "4"]
[EventCountry "CAN"]

1. e4 c5 2. Nf3 Nc6 3. d4 cxd4 4. Nxd4 g6 5. Nc3 Bg7 6. Be3 Nf6 7. Bc4 O-O 8.
Bb3 e6 9. f3 d5 10. exd5 Nxd5 11. Nxd5 exd5 12. O-O Qh4 13. Nxc6 bxc6 14. c3 a5
15. Ba4 Bb7 16. Bf2 Qc4 17. Bd4 Rfe8 18. b3 Qe2 19. Qxe2 Rxe2 20. Rfe1 Bxd4+
21. cxd4 Rae8 22. Kf1 Ba6 23. Rxe2 Rxe2 24. Kg1 c5 25. dxc5 d4 26. Rd1 d3 27.
b4 axb4 28. Bb3 Kf8 29. c6 Ke7 30. c7 Kd7 31. Bxf7 d2 32. Bb3 Kxc7 33. h3 g5
34. Kh2 h5 35. h4 gxh4 36. Kh3 Re1 37. Kxh4 Rxd1 38. Bxd1 Bc4 39. Kxh5 Bxa2 40.
g4 0-1

[Event "Winnipeg TNT 2023.09"]
[Site "Winnipeg CAN"]
[Date "2023.09.26"]
[Round "4.2"]
[White "Kwiatek, Jordan"]
[Black "Wolchock, Theo"]
[Result "0-1"]
[WhiteElo "1970"]
[BlackElo "2216"]
[PlyCount "70"]
[EventDate "2023.09.05"]
[EventType "swiss"]
[EventRounds "4"]
[EventCountry "CAN"]

1. d4 d5 2. c4 e6 3. Nf3 c5 4. cxd5 exd5 5. g3 Nc6 6. dxc5 Bxc5 7. Bg2 Nf6 8.
O-O O-O 9. a3 a6 10. b4 Ba7 11. Bb2 Bg4 12. Nbd2 Re8 13. h3 Bh5 14. g4 Bg6 15.
Nb3 Rc8 16. Nbd4 Nxd4 17. Nxd4 Ne4 18. e3 Qd6 19. Nf5 Bxf5 20. gxf5 Bb8 21. f4
Ba7 22. Qd3 Qd7 23. f6 Nxf6 24. Rae1 Ne4 25. Be5 Qe6 26. Kh2 f6 27. Bb2 Kh8 28.
h4 Qg4 29. Rf3 Qxh4+ 30. Rh3 Qxe1 31. Qxd5 Bxe3 32. Rxh7+ Kxh7 33. Bxe4+ Kh6
34. Be5 Qh4+ 35. Kg2 Qg4+ 0-1

[Event "Winnipeg TNT 2023.09"]
[Site "Winnipeg CAN"]
[Date "2023.09.26"]
[Round "4.3"]
[White "Currie, James"]
[Black "Rutter, Blair"]
[Result "1-0"]
[WhiteElo "1924"]
[BlackElo "1902"]
[PlyCount "79"]
[EventDate "2023.09.05"]
[EventType "swiss"]
[EventRounds "4"]
[EventCountry "CAN"]

1. e4 e6 2. d3 d5 3. Nd2 Nc6 4. Ngf3 Bd6 5. Qe2 Be7 6. g3 d4 7. Bg2 e5 8. O-O
Nf6 9. Nc4 Nd7 10. a4 O-O 11. h4 f6 12. c3 Nb6 13. Nxb6 axb6 14. cxd4 Bg4 15.
d5 Nd4 16. Qd1 Qd7 17. Be3 Nxf3+ 18. Bxf3 Bxf3 19. Qxf3 Rxa4 20. Rac1 Bd6 21.
Rc2 f5 22. Qg2 f4 23. Bd2 Qg4 24. f3 Qg6 25. gxf4 Qxg2+ 26. Kxg2 h6 27. fxe5
Bxe5 28. f4 Bf6 29. Rxc7 Bxb2 30. Bc3 Bxc3 31. Rxc3 Ra2+ 32. Kg3 g5 33. hxg5
hxg5 34. f5 Kg7 35. Rb1 Kf6 36. d4 Ra6 37. Kg4 Rg8 38. e5+ Kf7 39. Rc7+ Kf8 40.
Rbc1 1-0

[Event "Winnipeg TNT 2023.09"]
[Site "Winnipeg CAN"]
[Date "2023.09.26"]
[Round "4.4"]
[White "Rook, Sean"]
[Black "Babb, Jeff"]
[Result "0-1"]
[WhiteElo "1808"]
[BlackElo "2049"]
[PlyCount "66"]
[EventDate "2023.09.05"]
[EventType "swiss"]
[EventRounds "4"]
[EventCountry "CAN"]

1. e4 e5 2. Nf3 Nc6 3. Bb5 a6 4. Ba4 Nf6 5. O-O Nxe4 6. Re1 Nc5 7. Bxc6 dxc6 8.
Nxe5 Be7 9. d4 Ne6 10. Qf3 O-O 11. c3 f6 12. Nd3 Qd5 13. Nd2 Qxf3 14. Nxf3 Bd6
15. Re4 a5 16. Bf4 Nxf4 17. Nxf4 Bf5 18. Re2 Bxf4 19. c4 Bd3 20. Re7 Bxc4 21.
Nh4 Bd6 22. Re4 Bd5 23. Rg4 f5 24. Rg5 Be7 25. Rh5 g6 26. Rh6 Kg7 27. Nxf5+
Rxf5 28. Rh3 Raf8 29. Re1 Bb4 30. Re2 Bxa2 31. b3 Bb1 32. Rhe3 R8f7 33. g4 Rf4
0-1

[Event "Winnipeg TNT 2023.09"]
[Site "Winnipeg CAN"]
[Date "2023.09.26"]
[Round "4.5"]
[White "Kahanda, Inuri"]
[Black "Pearce, Thomas"]
[Result "1-0"]
[WhiteElo "1705"]
[BlackElo "1534"]
[PlyCount "55"]
[EventDate "2023.09.05"]
[EventType "swiss"]
[EventRounds "4"]
[EventCountry "CAN"]

1. e4 c5 2. c3 d6 3. d4 Nc6 4. d5 Ne5 5. f4 Ng6 6. Nf3 e5 7. f5 Nh4 8. Bb5+ Bd7
9. Bxd7+ Kxd7 10. O-O Be7 11. Qa4+ Kc8 12. b4 a6 13. bxc5 Nxf3+ 14. Rxf3 dxc5
15. Be3 b5 16. Qc2 Bd6 17. Nd2 Qc7 18. a4 c4 19. axb5 Bc5 20. Nxc4 Bxe3+ 21.
Nxe3 Qc5 22. bxa6 Nf6 23. Ra4 Kd7 24. Rc4 Qxe3+ 25. Rxe3 Rxa6 26. Ra4 Rha8 27.
Rxa6 Rxa6 28. Qb1 1-0

[Event "Winnipeg TNT 2023.09"]
[Site "Winnipeg CAN"]
[Date "2023.09.26"]
[Round "4.6"]
[White "Ling, Aiden"]
[Black "Letain, Cory"]
[Result "1/2-1/2"]
[WhiteElo "1461"]
[BlackElo "1714"]
[PlyCount "73"]
[EventDate "2023.09.05"]
[EventType "swiss"]
[EventRounds "4"]
[EventCountry "CAN"]

1. e4 e5 2. Nf3 Nf6 3. Nc3 Bb4 4. Nxe5 Nc6 5. d4 Nxe4 6. Nxc6 dxc6 7. Qd3 O-O
8. Be2 Bf5 9. Bd2 Bxc3 10. Bxc3 Nxc3 11. Qxc3 Re8 12. Qd2 Qe7 13. Rf1 Qe4 14.
f3 Qxc2 15. Qxc2 Bxc2 16. Rc1 Bd3 17. Rf2 Bxe2 18. Rxe2 Rad8 19. Rxe8+ Rxe8+
20. Kd2 b6 21. Rxc6 Re7 22. d5 h5 23. Rc3 g5 24. Ra3 a5 25. Re3 Rd7 26. Re5 f6
27. Rf5 Kg7 28. Kc3 Kg6 29. g4 h4 30. h3 Re7 31. Kd3 Re1 32. Kc4 Re2 33. Kb5
Rxb2+ 34. Kc6 Rc2+ 35. Kd7 Rc5 36. Ke7 b5 37. Rxf6+ 1/2-1/2

[Event "Winnipeg TNT 2023.09"]
[Site "Winnipeg CAN"]
[Date "2023.09.26"]
[Round "4.7"]
[White "Wijekoon, Dilki"]
[Black "Klokow, John"]
[Result "1/2-1/2"]
[WhiteElo "1411"]
[BlackElo "1666"]
[PlyCount "122"]
[EventDate "2023.09.05"]
[EventType "swiss"]
[EventRounds "4"]
[EventCountry "CAN"]

1. e4 e5 2. Bc4 Nf6 3. Nc3 Nc6 4. d3 Be7 5. h3 Na5 6. Bb3 Nxb3 7. axb3 d6 8.
Nf3 O-O 9. O-O Re8 10. Be3 b6 11. Re1 Bb7 12. Qd2 h6 13. Qc1 Bf8 14. Rf1 c6 15.
Ne2 d5 16. Ng3 dxe4 17. dxe4 c5 18. Nd2 Qc7 19. c3 a6 20. Qc2 Rad8 21. Rfd1 Qc6
22. f3 Nh7 23. Nf5 Qg6 24. Nf1 Ng5 25. Bxg5 Qxg5 26. N5e3 Rxd1 27. Rxd1 Rd8 28.
Rxd8 Qxd8 29. Nc4 f6 30. Nce3 Bd6 31. Qe2 b5 32. Nf5 Bc7 33. N1g3 Kh7 34. Kh2
g6 35. Ne3 f5 36. exf5 gxf5 37. Nexf5 Qg5 38. Qf2 e4 39. fxe4 Bxe4 40. Ne3
Qxg3+ 41. Qxg3 Bxg3+ 42. Kxg3 Kg6 43. Kf4 Bb1 44. Ke5 Ba2 45. Kd5 Bxb3+ 46.
Kxc5 Kg5 47. Kb6 Kf4 48. Nf1 Bc4 49. Nd2 Kg3 50. Nxc4 bxc4 51. Kc5 h5 52. Kxc4
h4 53. Kd5 Kxg2 54. c4 Kxh3 55. c5 Kg3 56. c6 h3 57. c7 h2 58. c8=Q h1=Q+ 59.
Kd6 Qd1+ 60. Kc7 Qc2+ 61. Kb7 Qxb2+ 1/2-1/2

[Event "Winnipeg TNT 2023.09"]
[Site "Winnipeg CAN"]
[Date "2023.09.26"]
[Round "4.9"]
[White "Vaughan, Nathan"]
[Black "Hansima, Charitha"]
[Result "1-0"]
[WhiteElo "1995"]
[BlackElo "1657"]
[PlyCount "49"]
[EventDate "2023.09.05"]
[EventType "swiss"]
[EventRounds "4"]
[EventCountry "CAN"]

1. e4 c6 2. d4 d6 3. Nf3 Bg4 4. Bd3 Nf6 5. h3 Bh5 6. O-O Nbd7 7. g4 Bg6 8. e5
Nd5 9. e6 N7f6 10. Bxg6 hxg6 11. exf7+ Kxf7 12. Qd3 Nh7 13. Nh4 e6 14. Qxg6+
Ke7 15. Re1 Kd7 16. Qxe6+ Kc7 17. Ng6 Ng5 18. Bxg5 Qxg5 19. Nxh8 Nf4 20. Qe3
Re8 21. Qxe8 Nxh3+ 22. Kf1 Qxg4 23. Qf7+ Kb6 24. Qb3+ Kc7 25. Qg3 1-0

[Event "Winnipeg TNT 2023.09"]
[Site "Winnipeg CAN"]
[Date "2023.09.26"]
[Round "4.10"]
[White "Melnyk, James"]
[Black "Repaka, Prabhav"]
[Result "1-0"]
[WhiteElo "1530"]
[BlackElo "1599"]
[PlyCount "101"]
[EventDate "2023.09.05"]
[EventType "swiss"]
[EventRounds "4"]
[EventCountry "CAN"]

1. e4 e5 2. Nf3 Nc6 3. c3 Nf6 4. d4 d6 5. d5 Ne7 6. Bg5 Nxe4 7. Qa4+ c6 8. Qxe4
cxd5 9. Qc2 f6 10. Bd2 Bf5 11. Bb5+ Bd7 12. Na3 Bxb5 13. Nxb5 a6 14. Na3 Nc6
15. Qf5 Qe7 16. O-O g6 17. Qb1 Bg7 18. Nc2 b5 19. Qd1 O-O 20. Re1 Qb7 21. Be3
Ne7 22. Qe2 Rac8 23. Rad1 f5 24. Bc1 Rc4 25. Nb4 a5 26. Nd2 axb4 27. Nxc4 bxc4
28. Bd2 b3 29. a3 f4 30. Bc1 Rf5 31. f3 Rh5 32. Bxf4 Nf5 33. Bc1 Qa7+ 34. Be3
Nxe3 35. Qxe3 Qb7 36. Kh1 Bh6 37. Qe2 Bf4 38. h3 Qf7 39. Qf1 Bg3 40. Re2 Qe6
41. Red2 e4 42. fxe4 dxe4 43. Re2 Rf5 44. Qg1 e3 45. Qxe3 Qxe3 46. Rxe3 Be5 47.
Re4 Rf2 48. Rb1 Bxc3 49. bxc3 b2 50. Rxc4 Rc2 51. Kh2 1-0

[Event "Winnipeg TNT 2023.09"]
[Site "Winnipeg CAN"]
[Date "2023.09.26"]
[Round "4.12"]
[White "Bilugan, Mason"]
[Black "Gannon, Keith"]
[Result "1-0"]
[WhiteElo "1416"]
[BlackElo "1469"]
[PlyCount "47"]
[EventDate "2023.09.05"]
[EventType "swiss"]
[EventRounds "4"]
[EventCountry "CAN"]

1. e4 Nc6 2. d4 e6 3. c4 g6 4. Nc3 Bg7 5. Nf3 b6 6. Be2 Bb7 7. O-O Nge7 8. Rb1
O-O 9. b4 a6 10. Bf4 d6 11. Qd2 Qd7 12. d5 exd5 13. Nxd5 Nxd5 14. cxd5 Ne7 15.
b5 Rfd8 16. Rfc1 a5 17. Nd4 Bxd4 18. Qxd4 f5 19. Bh6 Nc8 20. exf5 gxf5 21. Rb3
Qf7 22. Rg3+ Qg6 23. Rxg6+ hxg6 24. Qg7# 1-0

[Event "Winnipeg TNT 2023.09"]
[Site "Winnipeg CAN"]
[Date "2023.09.26"]
[Round "4.14"]
[White "Schmidt, Lukas"]
[Black "Trueman, Francis"]
[Result "0-1"]
[WhiteElo "1269"]
[BlackElo "1422"]
[PlyCount "69"]
[EventDate "2023.09.05"]
[EventType "swiss"]
[EventRounds "4"]
[EventCountry "CAN"]

1. e3 Nf6 2. d4 d6 3. h3 g6 4. Nf3 Bg7 5. Bd3 Nbd7 6. b4 e5 7. dxe5 dxe5 8. Bc4
O-O 9. Bb2 Qe7 10. a3 c6 11. Nbd2 h5 12. Nh4 Kh8 13. Qf3 Re8 14. Ne4 Nf8 15.
O-O Be6 16. Bd3 N6h7 17. Qg3 g5 18. Nf3 h4 19. Qh2 f6 20. Nc5 Bf7 21. g4 Bd5
22. Nd2 b6 23. Nce4 Rad8 24. c4 Bxe4 25. Bxe4 Rxd2 26. Bc3 Rdd8 27. Bxc6 Nd7
28. Qg2 e4 29. Rad1 Nhf8 30. Rd2 Rc8 31. b5 Red8 32. Bb4 Nc5 33. Rfd1 Rxd2 34.
Rxd2 a5 35. Rd7 0-1

[Event "Winnipeg TNT 2023.10"]
[Site "Winnipeg CAN"]
[Date "2023.10.03"]
[Round "1.1"]
[White "Iyer, Chandrashekhar"]
[Black "Hansima, Charitha"]
[Result "0-1"]
[WhiteElo "2217"]
[BlackElo "1643"]
[Annotator "aboro"]
[PlyCount "100"]
[EventDate "2023.10.03"]
[EventType "swiss"]
[EventRounds "4"]
[EventCountry "CAN"]

1. e4 e6 2. d4 d5 3. e5 Bd7 4. f4 c5 5. c3 Qb6 6. Nf3 Nc6 7. f5 O-O-O 8. Be2
exf5 9. O-O h6 10. dxc5 Bxc5+ 11. Kh1 Be6 12. b4 Be3 13. a4 Bxc1 14. Qxc1 Nge7
15. Na3 Ng6 16. Nb5 f4 17. Nfd4 Rd7 18. a5 Qd8 19. Nd6+ Rxd6 20. exd6 Qxd6 21.
b5 Nxd4 22. cxd4+ Kd7 23. Bd3 Rf8 24. Ra2 Qc7 25. Qd2 Bg4 26. b6 axb6 27. a6
bxa6 28. Rxa6 Qb7 29. Qb4 Rb8 30. Rfa1 Qc7 31. Qb5+ Kd6 32. Ra7 Rb7 33. Qb4+
Ke6 34. Qe1+ Kd6 35. Bxg6 Rxa7 36. Qe5+ Kd7 37. Qxd5+ Kc8 38. Bf5+ Bxf5 39.
Qxf5+ Kb8 40. Re1 Rb7 {Both players under 5 minutes} 41. Qb5 Qd7 42. Qe5+ Rc7
43. Qxf4 Kb7 44. h3 b5 45. Qe4+ Qc6 46. d5 Qc4 47. Qf3 Rd7 48. d6+ Kb6 49. Rd1
Qc5 50. Qg3 {White's watch emitted an alarm which resulted in a forfeit} g6 (
50... Kc6 51. Qxg7 Rxd6 52. Rf1 b4 53. Qxf7 Qd5 54. Rc1+ Kb5 55. Qf1+ Kb6 56.
Qe1 Rd8 57. Qxb4+ Qb5 58. Qe7 Rd5 59. Qc7+ Ka6 60. Ra1+ Qa5 61. Qc6+ Ka7) 0-1

[Event "Winnipeg TNT 2023.10"]
[Site "Winnipeg CAN"]
[Date "2023.10.03"]
[Round "1.2"]
[White "Aiello, Mick"]
[Black "Anderson, Collin"]
[Result "0-1"]
[WhiteElo "1577"]
[BlackElo "2090"]
[PlyCount "45"]
[EventDate "2023.10.03"]
[EventType "swiss"]
[EventRounds "4"]
[EventCountry "CAN"]

1. e4 c5 2. Nc3 Nc6 3. Bb5 Nd4 4. Nf3 Nxb5 5. Nxb5 g6 6. d4 Bg7 7. O-O a6 8.
Nc3 cxd4 9. Nxd4 d6 10. Be3 Nf6 11. h3 O-O 12. a4 Bd7 13. Qc1 Re8 14. f4 Qa5
15. f5 Rac8 16. Bh6 Bh8 17. Nde2 Rc4 18. Ng3 Rec8 19. h4 Rxc3 20. bxc3 Rxc3 21.
Qg5 Qe5 22. Rf3 Rxf3 23. gxf3 0-1

[Event "Winnipeg TNT 2023.10"]
[Site "Winnipeg CAN"]
[Date "2023.10.03"]
[Round "1.3"]
[White "Babb, Jeff"]
[Black "Aiello, Pietro"]
[Result "1-0"]
[WhiteElo "2025"]
[BlackElo "1566"]
[PlyCount "136"]
[EventDate "2023.10.03"]
[EventType "swiss"]
[EventRounds "4"]
[EventCountry "CAN"]

1. f4 d5 2. Nf3 Nf6 3. g3 Nc6 4. Bg2 Bf5 5. d3 d4 6. e4 Bg4 7. h3 Bxf3 8. Qxf3
e5 9. f5 Bb4+ 10. Kf2 b6 11. a3 Be7 12. Nd2 Qd7 13. b4 b5 14. Nb3 a5 15. bxa5
Nxa5 16. Bb2 c5 17. Qe2 Nc6 18. Rhc1 Ra4 19. Nd2 Na5 20. c4 O-O 21. Rab1 Rb8
22. cxb5 Rxb5 23. Qd1 Rb6 24. Bf3 c4 25. Nxc4 Nxc4 26. dxc4 Bc5 27. Ke2 Ra8 28.
a4 Rxa4 29. Ba1 Ra2+ 30. Kf1 d3 31. Bc3 Rxb1 32. Rxb1 Rh2 33. Rb2 Rxb2 34. Bxb2
d2 35. Ke2 Bb4 36. Bxe5 Qc6 37. Qc2 Nd7 38. Bf4 Nb6 39. Bxd2 Bxd2 40. Qxd2
Qxc4+ 41. Kf2 Na4 42. Qe2 Qc5+ 43. Qe3 Qc2+ 44. Qe2 Qc5+ 45. Kg2 Qe5 46. h4 Nc3
47. Qd3 Kf8 48. Qd8+ Qe8 49. Qxe8+ Kxe8 50. e5 Ke7 51. Kf2 Nb5 52. Ke3 Nc7 53.
Bc6 Na6 54. Kd4 Nb4 55. Be4 Na6 56. g4 h6 57. g5 hxg5 58. hxg5 Nb4 59. Kc3 Na6
60. Kc4 Nb8 61. Kd4 Nd7 62. Bc6 Nf8 63. Ke4 Nh7 64. Kf4 f6 65. exf6+ gxf6 66.
g6 Ng5 67. Bd5 Kf8 68. Kg4 Kg7 1-0

[Event "Winnipeg TNT 2023.10"]
[Site "Winnipeg CAN"]
[Date "2023.10.03"]
[Round "1.4"]
[White "Repaka, Prabhav"]
[Black "Kwiatek, Jordan"]
[Result "0-1"]
[WhiteElo "1561"]
[BlackElo "1962"]
[PlyCount "60"]
[EventDate "2023.10.03"]
[EventType "swiss"]
[EventRounds "4"]
[EventCountry "CAN"]

1. e4 g6 2. d4 Bg7 3. Nf3 a6 4. Bc4 b5 5. Bb3 d6 6. h3 Nf6 7. O-O O-O 8. Re1
Bb7 9. Nc3 c5 10. dxc5 dxc5 11. Bd5 Nxd5 12. Nxd5 e6 13. Nc3 Qxd1 14. Nxd1 Nc6
15. c3 Na5 16. Be3 Rac8 17. b3 b4 18. Rc1 Bxe4 19. cxb4 cxb4 20. Rxc8 Rxc8 21.
Bb6 Bxf3 22. gxf3 Nc6 23. Ne3 Bc3 24. Rd1 Rb8 25. Bc7 Rb7 26. Bf4 Kg7 27. Nc2
e5 28. Be3 Ne7 29. Rd6 a5 30. Bb6 Nc8 0-1

[Event "Winnipeg TNT 2023.10"]
[Site "Winnipeg CAN"]
[Date "2023.10.03"]
[Round "1.5"]
[White "Vaughan, Nathan"]
[Black "Kasztan, Ariel"]
[Result "0-1"]
[WhiteElo "1943"]
[BlackElo "1507"]
[PlyCount "100"]
[EventDate "2023.10.03"]
[EventType "swiss"]
[EventRounds "4"]
[EventCountry "CAN"]

1. d4 g6 2. g3 Nf6 3. Nf3 d6 4. Bg2 Bg7 5. O-O O-O 6. b3 Bg4 7. h3 Bd7 8. Bb2
Qc8 9. Kh2 c5 10. c4 cxd4 11. Nxd4 Nc6 12. e3 h5 13. Nd2 Ne5 14. Qe2 Nh7 15.
Ne4 Nc6 16. Rad1 Nxd4 17. exd4 Rb8 18. a4 a6 19. f4 b5 20. axb5 axb5 21. Bc3
bxc4 22. bxc4 d5 23. Nc5 e6 24. Rb1 Bc6 25. cxd5 Rxb1 26. Rxb1 Bxd5 27. Bxd5
exd5 28. Re1 Nf6 29. Qf3 Nd7 30. Nxd7 Qxd7 31. Bb4 Rc8 32. Bc5 Bf8 33. Bxf8
Rc2+ 34. Re2 Rxe2+ 35. Qxe2 Kxf8 36. Kg2 Qf5 37. Kh2 Qe4 38. Qd2 Ke7 39. Qb4+
Ke6 40. Qd2 Kf5 41. Qf2 Qd3 42. h4 Ke4 43. Qe1+ Qe3 44. Qb1+ Kxd4 45. Qb4+ Kd3
46. Qb5+ Ke4 47. Qb1+ Qd3 48. Qe1+ Kf3 49. Kh3 Qf5+ 50. Kh2 Qc2+ 0-1

[Event "Winnipeg TNT 2023.10"]
[Site "Winnipeg CAN"]
[Date "2023.10.03"]
[Round "1.6"]
[White "Ling, Aiden"]
[Black "Currie, James"]
[Result "0-1"]
[WhiteElo "1660"]
[BlackElo "1937"]
[PlyCount "66"]
[EventDate "2023.10.03"]
[EventType "swiss"]
[EventRounds "4"]
[EventCountry "CAN"]

1. e4 c5 2. Nc3 Nc6 3. Bb5 Nd4 4. Nf3 Nxb5 5. Nxb5 g6 6. d4 Bg7 7. O-O Qb6 8.
a4 d6 9. dxc5 Qxc5 10. Be3 Qc6 11. Bd4 Nf6 12. Nxa7 Qxe4 13. Re1 Qf4 14. Nb5
O-O 15. Rxe7 Bd7 16. Bxf6 Bxf6 17. Rxd7 Bxb2 18. Ra2 Bg7 19. Qxd6 Qc4 20. Qd5
Qb4 21. Qd1 Rxa4 22. Rxa4 Qxa4 23. Rxb7 Qa6 24. Nd6 Rd8 25. h3 Rxd6 26. Rb8+
Bf8 27. Qe1 Kg7 28. Qe8 Rd1+ 29. Kh2 Bd6+ 30. Ne5 Qc4 31. g3 Qd5 32. Qg8+ Kf6
33. Nd7+ Kf5 0-1

[Event "Winnipeg TNT 2023.10"]
[Site "Winnipeg CAN"]
[Date "2023.10.03"]
[Round "1.7"]
[White "Rutter, Blair"]
[Black "Wijekoon, Dilki"]
[Result "1-0"]
[WhiteElo "1866"]
[BlackElo "1459"]
[PlyCount "69"]
[EventDate "2023.10.03"]
[EventType "swiss"]
[EventRounds "4"]
[EventCountry "CAN"]

1. c4 e5 2. g3 Bc5 3. Bg2 Nf6 4. Nc3 d6 5. e3 Be6 6. d3 Nc6 7. Nge2 h6 8. d4
exd4 9. exd4 Bb6 10. d5 Bxd5 11. cxd5 Ne7 12. O-O O-O 13. h3 Qd7 14. a3 Rfe8
15. Na4 Ng6 16. Nxb6 axb6 17. Nf4 Ne7 18. Kh2 Nh7 19. b4 Nf6 20. Bb2 Kh7 21.
Bxf6 gxf6 22. Qd3+ Ng6 23. Be4 Rg8 24. Bf5 Qd8 25. Nh5 Rh8 26. Qc3 Kg8 27.
Nxf6+ Kf8 28. Nh5 Rg8 29. Rfe1 Qg5 30. Bg4 Ne5 31. Bd1 Qg6 32. f4 Nd3 33. Re3
Nf2 34. Qxc7 Nxd1 35. Qe7# 1-0

[Event "Winnipeg TNT 2023.10"]
[Site "Winnipeg CAN"]
[Date "2023.10.03"]
[Round "1.8"]
[White "Kumbharathi, Harsha"]
[Black "Klusa, Mark"]
[Result "0-1"]
[WhiteElo "1447"]
[BlackElo "1779"]
[PlyCount "50"]
[EventDate "2023.10.03"]
[EventType "swiss"]
[EventRounds "4"]
[EventCountry "CAN"]

1. e4 c5 2. c3 Nf6 3. Qc2 Nc6 4. Nf3 d6 5. d4 cxd4 6. cxd4 Bg4 7. Nbd2 Rc8 8.
Bb5 e6 9. O-O Be7 10. Qd3 O-O 11. Bxc6 Rxc6 12. b3 Qc7 13. Bb2 Rc8 14. Qb1 d5
15. e5 Bf5 16. Qd1 Ne4 17. Nxe4 Bxe4 18. Nd2 Bd3 19. Re1 Rc2 20. Rc1 Bg5 21. g3
Bxd2 22. Rxc2 Qxc2 23. Ba3 Bxe1 24. Qxe1 Qe2 25. Qa1 Rc2 0-1

[Event "Winnipeg TNT 2023.10"]
[Site "Winnipeg CAN"]
[Date "2023.10.03"]
[Round "1.9"]
[White "Peirson, Daniel"]
[Black "Movahedipour, Mohammad"]
[Result "1/2-1/2"]
[WhiteElo "1772"]
[BlackElo "1424"]
[PlyCount "95"]
[EventDate "2023.10.03"]
[EventType "swiss"]
[EventRounds "4"]
[EventCountry "CAN"]

1. e4 e6 2. Nf3 d5 3. Nc3 d4 4. Ne2 c5 5. c3 dxc3 6. bxc3 a6 7. d4 cxd4 8. cxd4
Bb4+ 9. Bd2 Bxd2+ 10. Qxd2 Nf6 11. Nc3 b5 12. e5 Nd5 13. Ne4 O-O 14. Nd6 Nc6
15. Rc1 Bd7 16. Bd3 Qa5 17. Qxa5 Nxa5 18. O-O Rab8 19. Ng5 h6 20. Nge4 Nc6 21.
Nc5 Bc8 22. Nb3 Nce7 23. Na5 Nf4 24. Rfd1 Ned5 25. Bf1 f6 26. g3 Ng6 27. Nc6
Ra8 28. Bg2 fxe5 29. dxe5 Bd7 30. Bxd5 exd5 31. f4 Bxc6 32. Rxc6 b4 33. Rxd5
Ne7 34. Rdc5 Nxc6 35. Rxc6 a5 36. e6 a4 37. e7 Rfb8 38. e8=Q+ Rxe8 39. Nxe8
Rxe8 40. Kf2 Rb8 41. Ke3 b3 42. axb3 axb3 43. Rc1 b2 44. Rb1 Kf7 45. Kd4 Ke6
46. g4 Kf6 47. Kc3 Re8 48. Kd4 1/2-1/2

[Event "Winnipeg TNT 2023.10"]
[Site "Winnipeg CAN"]
[Date "2023.10.03"]
[Round "1.10"]
[White "Zhang, Nicole"]
[Black "Kahanda, Inuri"]
[Result "0-1"]
[WhiteElo "1361"]
[BlackElo "1750"]
[PlyCount "82"]
[EventDate "2023.10.03"]
[EventType "swiss"]
[EventRounds "4"]
[EventCountry "CAN"]

1. e4 d5 2. exd5 Qxd5 3. Nc3 Qa5 4. d4 Nf6 5. Bd2 Qb6 6. Bc1 Bf5 7. Nf3 e6 8.
Bd3 Bg4 9. Rb1 Bb4 10. Bd2 O-O 11. a3 Be7 12. Be3 Nd5 13. Nxd5 exd5 14. c4 c6
15. Be2 Nd7 16. Ne5 Nxe5 17. dxe5 Bxe2 18. Qxe2 d4 19. Bf4 Bxa3 20. O-O Bc5 21.
Bg3 Rfe8 22. Qd2 Qb3 23. Rbc1 a5 24. Qe2 Rad8 25. Rfd1 d3 26. Qd2 Bb4 27. Qe3
Qxb2 28. Bf4 d2 29. Rb1 Qxb1 30. Qe2 Qd3 31. Qg4 Qxc4 32. h3 a4 33. Qg3 Qe2 34.
Rf1 Qxf1+ 35. Kh2 d1=Q 36. Qh4 Qh1+ 37. Kg3 Rd3+ 38. Be3 Rxe3+ 39. fxe3 Qde1+
40. Kf4 Qxh4+ 41. Kf5 Qh5+ 0-1

[Event "Winnipeg TNT 2023.10"]
[Site "Winnipeg CAN"]
[Date "2023.10.03"]
[Round "1.11"]
[White "Letain, Cory"]
[Black "Ash, Cory"]
[Result "1-0"]
[WhiteElo "1711"]
[BlackElo "1075"]
[PlyCount "35"]
[EventDate "2023.10.03"]
[EventType "swiss"]
[EventRounds "4"]
[EventCountry "CAN"]

1. e4 e6 2. d4 d5 3. c4 dxe4 4. Nc3 Nf6 5. f3 Bb4 6. Bg5 exf3 7. Nxf3 Nc6 8.
Be2 b6 9. O-O Be7 10. Qd2 Bb7 11. a3 h6 12. Bxf6 Bxf6 13. d5 Bxc3 14. Qxc3 exd5
15. Qxg7 Rf8 16. Rae1 Ne7 17. Ne5 f5 18. Bh5+ 1-0